[Event "70.Camp. Veneto Quarti di Finale"]
[Site "Nevegal ITA"]
[Date "2010.05.08"]
[Round "3.20"]
[White "Dal Farra, Nicola"]
[Black "Vomiero, Luciano"]
[Result "0-1"]
[WhiteElo "1440"]
[BlackElo "1464"]
[Annotator "Gabriele Ballarin"]
[PlyCount "68"]
[EventDate "2010.05.07"]
[EventType "swiss"]
[EventRounds "5"]
[EventCountry "ITA"]

1. d4 d5 2. f4 e6 3. Nf3 Nc6 4. f5 exf5 5. Nc3 Nf6 6. Ne5 Be7 7. e3 Bd7 8. Nxd7 Qxd7 9. e4 fxe4 10. h3 a6 11. g4 O-O 12. g5 Ne8 13. h4 Kh8 14. Bh3 Qd6 15. Rf1 f6 16. gxf6 Nxf6 17. Bg5 Qg3+ 18. Rf2 Qxh3 19. h5 Qg3 20. Qc1 Ng4 21. Ne2 Qxf2+ 22. Kd1 e3 23. Bxe7 Nxe7 (23... Qf1#) 24. c3 Qf1+ 25. Kc2 Qxe2+ 26. Kb1 Rf2 27. a3 Rf1 28. Qxf1 Qxf1+ 29. Ka2 Qc4+ 30. b3 Qxc3 31. Rg1 e2 32. Rxg4 e1=Q 33. Rxg7 Qe2+ 34. Kb1 Qce1# 0-1

[Event "70.Camp. Veneto Quarti di Finale"]
[Site "Nevegal ITA"]
[Date "2010.05.09"]
[Round "4.1"]
[White "Boscolo, Federico"]
[Black "Genocchio, Daniele"]
[Result "0-1"]
[WhiteElo "2113"]
[BlackElo "2438"]
[Annotator "Gabriele Ballarin"]
[PlyCount "66"]
[EventDate "2010.05.07"]
[EventType "swiss"]
[EventRounds "5"]
[EventCountry "ITA"]

1. e4 c6 2. d4 d5 3. exd5 cxd5 4. c3 Nf6 5. Bf4 Nc6 6. Bd3 Bg4 7. Qb3 Qd7 8. Nd2 e6 9. Ngf3 Bd6 10. Bxd6 Qxd6 11. O-O O-O 12. Rae1 Bxf3 13. Nxf3 Rab8 14. Ne5 b5 15. a3 Rb7 16. Re3 a5 17. Qd1 b4 18. axb4 axb4 19. Rfe1 bxc3 20. bxc3 Ra8 21. Rh3 g6 22. Qf3 Ne8 23. Rxh7 Kxh7 24. Nxf7 Qf8 25. Ng5+ Kg8 26. Qg4 Qf6 27. Nxe6 Re7 28. c4 Nxd4 29. cxd5 Nxe6 30. dxe6 Ra1 31. Rb1 Qg7 32. h4 Rxb1+ 33. Bxb1 Qf6 0-1

[Event "70.Camp. Veneto Quarti di Finale"]
[Site "Nevegal ITA"]
[Date "2010.05.09"]
[Round "4.2"]
[White "Pastres, Roberto"]
[Black "Vianello, Enrico"]
[Result "1-0"]
[WhiteElo "2128"]
[BlackElo "2188"]
[Annotator "Gabriele Ballarin"]
[PlyCount "53"]
[EventDate "2010.05.07"]
[EventType "swiss"]
[EventRounds "5"]
[EventCountry "ITA"]

1. e4 d6 2. d4 Nf6 3. Nc3 c6 4. h3 Nbd7 5. g3 e5 6. Nge2 b5 7. a3 Be7 8. Bg2 O-O 9. O-O Bb7 10. g4 h6 11. dxe5 dxe5 12. Ng3 Re8 13. Nf5 a5 14. g5 hxg5 15. Bxg5 Qc7 16. Qf3 Nf8 17. Ne2 Nd5 18. Bh6 (18. exd5 Bxg5 19. dxc6 Ba6 20. Nc3 Rad8 (20... b4 21. Nd5 Qa7 22. Rfe1) 21. Nd5) 18... gxh6 19. Nxh6+ Kh7 20. Qxf7+ Kxh6 21. Ng3 Ng6 (21... Bc8) 22. Nf5+ Kg5 23. h4+ (23. Qg7 Rh8 24. h4+ Rxh4 25. Nxh4) 23... Nxh4 24. Nxh4 Nf4 25. Bf3 Kxh4 26. Kh2 Bd6 (26... Bd8 27. Qxe8 Bg5) 27. Qf6# 1-0

[Event "70.Camp. Veneto Quarti di Finale"]
[Site "Nevegal ITA"]
[Date "2010.05.09"]
[Round "4.3"]
[White "Xia, Jie"]
[Black "Luciani, Valerio"]
[Result "1-0"]
[WhiteElo "2198"]
[BlackElo "2213"]
[Annotator "Gabriele Ballarin"]
[PlyCount "57"]
[EventDate "2010.05.07"]
[EventType "swiss"]
[EventRounds "5"]
[EventCountry "ITA"]

1. e4 c5 2. Nf3 d6 3. d4 cxd4 4. Nxd4 Nf6 5. Nc3 a6 6. Be2 e5 7. Nb3 Be7 8. O-O Be6 9. f4 Qc7 10. Be3 Nbd7 11. g4 exf4 12. Bxf4 Ne5 13. g5 Nfd7 14. Nd4 Bc4 15. Nf5 Bf8 16. Bxc4 Nxc4 17. Qd4 Qc5 18. Rad1 O-O-O 19. b3 Nce5 20. Na4 Qxd4+ 21. Rxd4 b5 22. Nc3 Nc5 23. Rd5 Ne6 24. Nxd6+ Rxd6 25. Bxe5 Rxd5 26. exd5 Nxg5 27. h4 f6 28. hxg5 fxe5 29. Ne4 1-0

[Event "70.Camp. Veneto Quarti di Finale"]
[Site "Nevegal ITA"]
[Date "2010.05.09"]
[Round "4.4"]
[White "Bontempi, Piero"]
[Black "Velluti, Alberto"]
[Result "1-0"]
[WhiteElo "2356"]
[BlackElo "1932"]
[Annotator "Gabriele Ballarin"]
[PlyCount "67"]
[EventDate "2010.05.07"]
[EventType "swiss"]
[EventRounds "5"]
[EventCountry "ITA"]

1. e4 e5 2. Nf3 Nc6 3. d4 exd4 4. Nxd4 Bc5 5. Nb3 Bb6 6. Nc3 d6 7. Qe2 Be6 8. Be3 Qe7 9. Nd5 Bxd5 10. exd5 Ne5 11. Nd4 O-O-O 12. O-O-O g6 13. Nb5 Nd7 14. Nxa7+ Bxa7 15. Bxa7 Qxe2 16. Bxe2 Re8 17. Bd4 f6 18. Bg4 Kd8 19. Be6 Ne7 20. Rhe1 Rhf8 21. Re3 Nc8 22. Rf3 Ne5 23. Ra3 Ke7 24. Re1 Nc4 25. Rc3 N8b6 26. b3 Ra8 27. bxc4 Rxa2 28. Rb3 Nxc4 29. Rxb7 Na3 30. Rxc7+ Kd8 31. Rc8+ Ke7 32. Rc7+ Kd8 33. Rd7+ Ke8 34. Bf5# 1-0

[Event "70.Camp. Veneto Quarti di Finale"]
[Site "Nevegal ITA"]
[Date "2010.05.09"]
[Round "4.5"]
[White "Rotoni, Matteo"]
[Black "Barp, Denis"]
[Result "1-0"]
[WhiteElo "2142"]
[BlackElo "1440"]
[Annotator "Gabriele Ballarin"]
[PlyCount "69"]
[EventDate "2010.05.07"]
[EventType "swiss"]
[EventRounds "5"]
[EventCountry "ITA"]

1. e4 c6 2. d4 d5 3. e5 Bf5 4. h4 e6 5. g4 Be4 6. f3 Bb4+ 7. Kf2 f5 8. fxe4 fxe4 9. Ne2 Nd7 10. Nf4 Qe7 11. g5 O-O-O 12. Bh3 Nf8 13. Kg2 g6 14. Nc3 h6 15. Qg4 Re8 16. Be3 Kb8 17. Rhf1 Bxc3 18. bxc3 Qa3 19. Qe2 hxg5 20. hxg5 Qxc3 21. Rab1 Qa3 22. Rb3 Qe7 23. Qg4 Rh7 24. Bd2 Rf7 25. Rfb1 b6 26. a4 Rf5 27. Ne2 Qf7 28. Qg3 Rf3 29. Rxf3 exf3+ 30. Qxf3 Qe7 31. c4 Nh7 32. cxd5 exd5 33. Qg4 Rf8 34. Rf1 Rxf1 35. Qc8# 1-0

[Event "70.Camp. Veneto Quarti di Finale"]
[Site "Nevegal ITA"]
[Date "2010.05.09"]
[Round "4.6"]
[White "Capraro, Fabio"]
[Black "Soppelsa, Maurizio"]
[Result "1/2-1/2"]
[WhiteElo "2088"]
[BlackElo "1617"]
[Annotator "Gabriele Ballarin"]
[PlyCount "67"]
[EventDate "2010.05.07"]
[EventType "swiss"]
[EventRounds "5"]
[EventCountry "ITA"]

1. c4 c5 2. g3 Nf6 3. Nc3 g6 4. Bg2 Bg7 5. e4 Nc6 6. Nge2 O-O 7. O-O d6 8. d3 Bg4 9. h3 Bd7 10. Kh2 e5 11. f4 Nd4 12. fxe5 dxe5 13. Bd2 Qb6 14. Rb1 a5 15. b3 h6 16. Nxd4 cxd4 17. Na4 Qd8 18. Qc1 Kh7 19. Rf2 Bc6 20. Qf1 b6 21. Bc1 Rb8 22. Ba3 Rh8 23. Nb2 Rb7 24. Nd1 Kg8 {=} 25. b4 axb4 26. Bxb4 Ne8 27. Rfb2 Qc7 28. Bf3 Nf6 29. Nf2 Kh7 30. Bd1 Qd7 31. Ng4 Nxg4+ 32. Bxg4 Qc7 33. a3 Ra7 34. Rf2 1/2-1/2

[Event "70.Camp. Veneto Quarti di Finale"]
[Site "Nevegal ITA"]
[Date "2010.05.09"]
[Round "4.7"]
[White "Castellano, Alfonso"]
[Black "Franco, Alessandro P"]
[Result "0-1"]
[WhiteElo "1939"]
[BlackElo "1843"]
[Annotator "Gabriele Ballarin"]
[PlyCount "42"]
[EventDate "2010.05.07"]
[EventType "swiss"]
[EventRounds "5"]
[EventCountry "ITA"]

1. c4 e5 2. g3 Bc5 3. Bg2 Nf6 4. Nc3 Nc6 5. e3 d6 6. Nge2 Bf5 7. a3 a6 8. d4 Ba7 9. b4 Rb8 10. O-O Qd7 11. Re1 Bh3 12. Bh1 h5 13. Nd5 h4 14. Bb2 hxg3 15. fxg3 Ng4 16. Qd2 Nxh2 17. Kxh2 Bf1+ 18. Kg1 Rxh1+ 19. Kf2 Rh2+ 20. Kf3 Qf5+ 21. Ndf4 e4# 0-1

[Event "70.Camp. Veneto Quarti di Finale"]
[Site "Nevegal ITA"]
[Date "2010.05.09"]
[Round "4.8"]
[White "Buzzatti, Francesco"]
[Black "Pisani, Valerio"]
[Result "1-0"]
[WhiteElo "1918"]
[BlackElo "1771"]
[Annotator "Gabriele Ballarin"]
[PlyCount "67"]
[EventDate "2010.05.07"]
[EventType "swiss"]
[EventRounds "5"]
[EventCountry "ITA"]

1. d4 d5 2. e4 dxe4 3. f3 e5 4. Bc4 Nc6 5. c3 exd4 6. Bf4 Bd6 7. Bxd6 Qxd6 8. fxe4 Be6 9. Bb5 O-O-O 10. Nf3 Ne5 11. Nxd4 Bg4 12. Qa4 a6 13. O-O axb5 14. Qa8+ Kd7 15. Qxb7 Nf6 16. Qxb5+ Ke7 17. h3 Rb8 18. Qxe5+ Qxe5 19. Nc6+ Ke6 20. Nxe5 Kxe5 21. hxg4 Rhd8 22. Na3 Rd7 23. Nc4+ Ke6 24. g5 Ng4 25. Rfd1 Rbd8 26. Rxd7 Rxd7 27. a4 Ne5 28. Nxe5 Kxe5 29. a5 c6 30. a6 Ra7 31. Ra4 Kf4 32. Kf2 Kxg5 33. b4 Kf4 34. c4 1-0

[Event "70.Camp. Veneto Quarti di Finale"]
[Site "Nevegal ITA"]
[Date "2010.05.09"]
[Round "4.9"]
[White "Solinas, Carlo"]
[Black "Rossi, Gianni"]
[Result "0-1"]
[WhiteElo "2005"]
[BlackElo "1886"]
[Annotator "Gabriele Ballarin"]
[PlyCount "88"]
[EventDate "2010.05.07"]
[EventType "swiss"]
[EventRounds "5"]
[EventCountry "ITA"]

1. e4 Nf6 2. e5 Nd5 3. c4 Nb6 4. c5 Nd5 5. Bc4 c6 6. Nc3 e6 7. d4 b6 8. Nf3 bxc5 9. dxc5 Bxc5 10. O-O Ba6 11. Qe2 Qa5 12. Ne4 Bxc4 13. Qxc4 Qb4 14. Qc2 Be7 15. a3 Qb6 16. Bg5 O-O 17. Bxe7 Nxe7 18. Nfg5 Ng6 19. h4 h6 20. Nxf7 Rxf7 21. Nd6 Nxe5 22. Qe4 Qa5 23. Rad1 Qc5 24. b4 Qc3 25. Rc1 Qb2 26. Rc5 Na6 27. Rxe5 Rf6 28. Ra5 Nc7 29. Qg4 Nd5 30. Nc4 Qc2 31. Ne5 Raf8 32. Nxd7 Rxf2 33. Qxe6+ R8f7 34. Rxf2 Qxf2+ 35. Kh1 Ne3 36. Qe4 Rf4 37. Qe8+ Kh7 38. Nf8+ Rxf8 39. Qe4+ Kh8 40. Rxa7 Nxg2 41. Re7 Nxh4 42. Re8 Qf1+ 43. Kh2 Nf3+ 44. Kg3 Qg1+ 0-1

[Event "70.Camp. Veneto Quarti di Finale"]
[Site "Nevegal ITA"]
[Date "2010.05.09"]
[Round "4.10"]
[White "Basso, Pier Luigi"]
[Black "Scali, Fausto"]
[Result "0-1"]
[WhiteElo "1666"]
[BlackElo "1974"]
[Annotator "Gabriele Ballarin"]
[PlyCount "78"]
[EventDate "2010.05.07"]
[EventType "swiss"]
[EventRounds "5"]
[EventCountry "ITA"]

1. e4 c5 2. Nf3 e6 3. d4 cxd4 4. Nxd4 a6 5. Nc3 Qc7 6. Be3 Nf6 7. f3 Be7 8. Qd2 O-O 9. O-O-O b5 10. g4 d6 11. h4 Bb7 12. h5 Nc6 13. Nxc6 Bxc6 14. g5 Nd7 15. g6 b4 16. Nb1 d5 17. h6 fxg6 18. hxg7 Rf7 19. Bh3 Qd6 20. exd5 Bxd5 21. Bxe6 Qxe6 22. Qxd5 Qxe3+ 23. Nd2 Rd8 24. Rhe1 Qc5 25. Qb3 Bg5 26. Kb1 Nf6 27. Ne4 Rxd1+ 28. Rxd1 Nxe4 29. fxe4 Kxg7 30. Qg3 Rc7 31. Qg2 Qc6 32. Rd5 h6 33. e5 Rd7 34. Rxd7+ Qxd7 35. Qe2 Qd2 36. Qf1 Qf4 37. Qe1 Qe3 38. Qh1 Qxe5 39. Qb7+ Be7 0-1

[Event "70.Camp. Veneto Quarti di Finale"]
[Site "Nevegal ITA"]
[Date "2010.05.09"]
[Round "4.11"]
[White "Bortolotto, Denzio"]
[Black "Aprile, Martino"]
[Result "1-0"]
[WhiteElo "1725"]
[BlackElo "1841"]
[Annotator "Gabriele Ballarin"]
[PlyCount "123"]
[EventDate "2010.05.07"]
[EventType "swiss"]
[EventRounds "5"]
[EventCountry "ITA"]

1. d4 Nf6 2. c4 e6 3. Nf3 d5 4. e3 Be7 5. Nc3 Nbd7 6. Qc2 c5 7. cxd5 Nxd5 8. Nxd5 exd5 9. Bd3 h6 10. b3 b6 11. Bb2 O-O 12. O-O Bb7 13. Rfe1 Rc8 14. Qe2 Nf6 15. a4 Re8 16. a5 cxd4 17. Bxd4 bxa5 18. Bxa7 Bb4 19. Red1 Qc7 20. Bd4 Ne4 21. Qb2 Bc3 22. Bxc3 Qxc3 23. Qxc3 Rxc3 24. Bxe4 dxe4 25. Nd4 Ra8 26. g3 Bd5 27. Ra3 Rd8 28. Nb5 Rc5 29. Nd4 Rd7 30. Rda1 Rb7 31. Kg2 g6 32. g4 Kg7 33. Kg3 Kf6 34. h4 Rb4 35. Rxa5 Rxa5 36. Rxa5 Bxb3 37. Kf4 Be6 38. g5+ Kg7 39. Kxe4 hxg5 {=} 40. hxg5 Rb2 41. Nxe6+ fxe6 42. f4 Rb3 43. Kd4 Kf7 44. e4 Rb4+ 45. Ke5 Rb7 46. Rc5 Ra7 47. Kd6 Ra6+ 48. Rc6 Rxc6+ 49. Kxc6 e5 50. fxe5 Ke6 51. Kc7 Kxe5 52. Kd7 Kf4 53. Kd6 Kxg5 54. e5 Kf4 55. e6 g5 56. e7 g4 57. e8=Q g3 58. Qe1 Kg4 59. Ke5 Kh3 60. Qg1 g2 61. Kf4 Kh4 62. Qh2# 1-0

[Event "70.Camp. Veneto Quarti di Finale"]
[Site "Nevegal ITA"]
[Date "2010.05.09"]
[Round "4.12"]
[White "Mario, Roberto"]
[Black "Lorusso, Giuseppe"]
[Result "0-1"]
[WhiteElo "1435"]
[BlackElo "1992"]
[Annotator "Gabriele Ballarin"]
[PlyCount "130"]
[EventDate "2010.05.07"]
[EventType "swiss"]
[EventRounds "5"]
[EventCountry "ITA"]

1. e4 c5 2. Nf3 d6 3. d4 cxd4 4. Nxd4 Nf6 5. Nc3 Nc6 6. Bb5 Bd7 7. O-O e6 8. Bg5 Be7 9. Re1 O-O 10. Nxc6 bxc6 11. Ba4 Rb8 12. Rb1 Qa5 13. Bh4 Rfd8 14. Qf3 Rb4 15. Bb3 Qc7 16. a3 Rb7 17. h3 c5 18. Qe2 Rc8 19. Ba4 Bxa4 20. Nxa4 c4 21. Nc3 Rcb8 22. Nd1 Rb5 23. c3 Qc6 24. Rc1 {=} Bd8 25. Rc2 Bb6 26. Qf3 Nd7 27. Qg3 Kf8 28. Rd2 Ne5 29. Ree2 a5 30. Qh2 a4 31. Bg3 Ke7 32. Bxe5 dxe5 33. Kf1 Bc5 34. Qxe5 Be3 35. Qxb5 Rxb5 36. Rxe3 Rb7 37. Ree2 Rd7 38. f3 Qc7 39. Rxd7+ Qxd7 40. Ke1 Kf6 41. Ne3 Qd3 42. Nd1 Qd7 43. Rd2 {=} Qc7 44. Re2 h5 45. Ne3 Kg5 46. Nd1 Kf4 47. Kd2 Qd8+ 48. Kc1 Qd3 49. Rd2 Qf1 50. Rf2 Qe1 51. Rd2 Kg3 52. Kc2 g5 53. Kc1 h4 54. Kc2 f5 55. exf5 exf5 56. Kc1 Qf1 57. Kc2 f4 58. Kc1 Qxg2 59. Rxg2+ Kxg2 60. Kd2 Kxh3 61. Ke2 Kg2 62. Nf2 h3 63. Ng4 h2 64. Nxh2 Kxh2 65. Kf2 Kh3 0-1

[Event "70.Camp. Veneto Quarti di Finale"]
[Site "Nevegal ITA"]
[Date "2010.05.09"]
[Round "4.13"]
[White "Tomio, Dante"]
[Black "Barp, Alberto"]
[Result "1-0"]
[WhiteElo "1978"]
[BlackElo "1500"]
[Annotator "Gabriele Ballarin"]
[PlyCount "53"]
[EventDate "2010.05.07"]
[EventType "swiss"]
[EventRounds "5"]
[EventCountry "ITA"]

1. d4 c6 2. Nf3 d5 3. c3 Bf5 4. h3 e6 5. Bf4 Bd6 6. Bxd6 Qxd6 7. e3 Nf6 8. Bd3 Bxd3 9. Qxd3 Nbd7 10. Nbd2 O-O 11. g4 e5 12. dxe5 Nxe5 13. Nxe5 Qxe5 14. O-O-O b5 15. f4 Qe7 16. g5 Nd7 17. h4 a5 18. h5 Rfb8 19. g6 fxg6 20. h6 Qf6 21. hxg7 Kxg7 22. Ne4 Qe7 23. Qd4+ Kg8 24. Ng5 Nf6 25. Rdg1 Kf8 26. Nxh7+ Nxh7 27. Qh8+ 1-0

[Event "70.Camp. Veneto Quarti di Finale"]
[Site "Nevegal ITA"]
[Date "2010.05.09"]
[Round "4.14"]
[White "Losso, Agostino"]
[Black "Bona, Massimiliano"]
[Result "1/2-1/2"]
[WhiteElo "1791"]
[BlackElo "1746"]
[Annotator "Gabriele Ballarin"]
[PlyCount "141"]
[EventDate "2010.05.07"]
[EventType "swiss"]
[EventRounds "5"]
[EventCountry "ITA"]

1. e4 Nf6 2. e5 Nd5 3. d4 d6 4. c4 Nb6 5. exd6 cxd6 6. Nc3 Nc6 7. Be3 Bd7 8. Nf3 Rc8 9. b3 g6 10. Be2 Bg7 11. Rc1 Bg4 12. O-O O-O 13. d5 Ne5 14. Nxe5 Bxe2 15. Nxe2 Bxe5 16. Bd4 Bxd4 17. Nxd4 Nd7 18. h4 Nf6 19. Re1 Re8 20. Rc3 a6 21. a4 Qd7 22. Rce3 Rc7 23. Qe2 Qg4 24. Qxg4 Nxg4 25. Rg3 h5 26. f4 e5 27. dxe6 fxe6 28. Rd3 Kf7 29. Nf3 Ke7 30. Nd4 Kd7 31. Nf3 Rc5 32. Red1 d5 33. Ne5+ Nxe5 34. fxe5 Kc6 35. cxd5+ exd5 36. Re1 b5 37. axb5+ Kxb5 38. e6 Kc6 39. Kf2 Kd6 40. Rde3 Rc7 41. Ra1 Ra7 42. Rae1 a5 43. Rc1 Rc7 44. Ra1 Rc2+ 45. Kg3 Rxe6 46. Rxe6+ Kxe6 47. Rxa5 Rc3+ 48. Kf4 Rxb3 49. Ra6+ Kf7 50. Ke5 Rg3 51. Ra7+ Kg8 52. Kxd5 Rxg2 53. Ra4 Kf7 54. Rf4+ Kg7 55. Ke4 Kh6 56. Kf3 Rg1 57. Rb4 Ra1 58. Kg3 Kg7 59. Rb7+ Kf6 60. Rb6+ Kf5 61. Rb5+ Ke4 62. Rb4+ Ke3 63. Rb3+ Ke2 64. Rb2+ Kf1 65. Rf2+ Ke1 66. Rf6 Ke2 67. Re6+ Kd3 68. Kf4 Ra4+ 69. Kg5 Rg4+ 70. Kh6 Rxh4 71. Kxg6 1/2-1/2

[Event "70.Camp. Veneto Quarti di Finale"]
[Site "Nevegal ITA"]
[Date "2010.05.09"]
[Round "4.16"]
[White "Dal Bianco, Nicola"]
[Black "Aprile, Massimo"]
[Result "1-0"]
[WhiteElo "1582"]
[BlackElo "1478"]
[Annotator "Gabriele Ballarin"]
[PlyCount "105"]
[EventDate "2010.05.07"]
[EventType "swiss"]
[EventRounds "5"]
[EventCountry "ITA"]

1. c4 Nf6 2. Nc3 d6 3. g3 c5 4. Bg2 g6 5. e3 Nc6 6. Nge2 Bg7 7. O-O O-O 8. Rb1 a6 9. a3 Rb8 10. b4 Bd7 11. d4 cxd4 12. exd4 Bf5 13. Rb2 Qd7 14. Nf4 Rfc8 15. Ncd5 Nxd5 16. Nxd5 Qd8 17. Be3 h5 18. Re1 e6 19. Nf4 Qf6 20. Ne2 Bg4 21. f3 Bf5 22. Qd2 Qd8 23. h3 e5 24. g4 hxg4 25. fxg4 Bd7 26. Bg5 f6 27. Bd5+ Kh8 28. Bh6 Ne7 29. Bxg7+ Kxg7 30. dxe5 dxe5 31. c5 Bc6 32. Bg2 Bxg2 33. Kxg2 Qd5+ 34. Qxd5 Nxd5 35. Rd2 Rd8 36. Kf3 e4+ 37. Kxe4 Nc3+ 38. Ke3 Re8+ 39. Kf3 Nb5 40. a4 Na3 41. Red1 Re7 42. Nf4 Rbe8 43. Rd7 Kh6 44. Rxe7 Rxe7 45. h4 Nc2 46. b5 axb5 47. axb5 Re3+ 48. Kf2 Rc3 49. Ne6 Na3 50. b6 Rh3 51. g5+ fxg5 52. hxg5+ Kh5 53. Nf4+ 1-0

[Event "70.Camp. Veneto Quarti di Finale"]
[Site "Nevegal ITA"]
[Date "2010.05.09"]
[Round "4.17"]
[White "Della Vecchia, Vincenzino"]
[Black "De Colle, Camillo"]
[Result "0-1"]
[WhiteElo "1515"]
[BlackElo "1508"]
[Annotator "Gabriele Ballarin"]
[PlyCount "28"]
[EventDate "2010.05.07"]
[EventType "swiss"]
[EventRounds "5"]
[EventCountry "ITA"]

1. e4 e6 2. d4 d5 3. Nc3 Nf6 4. e5 Nfd7 5. Qg4 c5 6. Bb5 Nc6 7. Bxc6 bxc6 8. Be3 cxd4 9. Qxd4 c5 10. Qa4 d4 11. Bxd4 cxd4 12. Qxd4 Bc5 13. Qa4 Qg5 14. Nge2 O-O 0-1

[Event "70.Camp. Veneto Quarti di Finale"]
[Site "Nevegal ITA"]
[Date "2010.05.09"]
[Round "4.18"]
[White "Cirino, Gaetano"]
[Black "Rossi, Aldo V"]
[Result "1-0"]
[WhiteElo "1440"]
[BlackElo "1392"]
[Annotator "Gabriele Ballarin"]
[PlyCount "61"]
[EventDate "2010.05.07"]
[EventType "swiss"]
[EventRounds "5"]
[EventCountry "ITA"]

1. e4 c5 2. Nf3 d6 3. Bb5+ Bd7 4. Bxd7+ Nxd7 5. O-O Ngf6 6. Re1 e6 7. c3 Be7 8. d4 cxd4 9. cxd4 e5 10. Nc3 O-O 11. Qb3 Rb8 12. Bg5 h6 13. Bh4 a6 14. Bg3 Nh5 15. dxe5 Nxg3 16. exd6 Bxd6 17. hxg3 Ne5 18. Rad1 Qe7 19. Nd5 Nxf3+ 20. gxf3 Qe6 21. f4 Kh8 22. f5 Qe5 23. Kg2 g5 24. Nb6 Rfd8 25. Nc4 Qe7 26. Qb6 Qc7 27. Rxd6 Qxb6 28. Rxb6 Rd7 29. Rxh6+ Kg7 30. Reh1 Rh8 31. f6+ 1-0

[Event "70.Camp. Veneto Quarti di Finale"]
[Site "Nevegal ITA"]
[Date "2010.05.09"]
[Round "4.19"]
[White "Piazzetta, Mattia"]
[Black "Pasa, Giovanni"]
[Result "0-1"]
[WhiteElo "1440"]
[BlackElo "1443"]
[Annotator "Gabriele Ballarin"]
[PlyCount "42"]
[EventDate "2010.05.07"]
[EventType "swiss"]
[EventRounds "5"]
[EventCountry "ITA"]

1. e4 d5 2. Nc3 d4 3. Nce2 e5 4. d3 Nf6 5. c3 dxc3 6. Nxc3 Nc6 7. Be3 Be7 8. Nf3 O-O 9. d4 Bb4 10. Bb5 Nxe4 11. Bxc6 Nxc3 12. bxc3 Bxc3+ 13. Bd2 Bxa1 14. Qxa1 bxc6 15. dxe5 Ba6 16. e6 Re8 17. Qe5 Rxe6 18. Bg5 Rxe5+ 19. Nxe5 Qxg5 20. Nxc6 Re8+ 21. Kd1 Qd5+ 0-1

[Event "70.Camp. Veneto Quarti di Finale"]
[Site "Nevegal ITA"]
[Date "2010.05.09"]
[Round "4.20"]
[White "Capraro, Michele"]
[Black "Dal Farra, Nicola"]
[Result "1-0"]
[WhiteElo "1440"]
[BlackElo "1440"]
[Annotator "Gabriele Ballarin"]
[PlyCount "37"]
[EventDate "2010.05.07"]
[EventType "swiss"]
[EventRounds "5"]
[EventCountry "ITA"]

1. e4 a6 2. d3 Nc6 3. f4 b6 4. Nf3 Bb7 5. Bd2 e6 6. Nc3 Bb4 7. e5 Bc5 8. Ne4 Nd4 9. Nxd4 Bxd4 10. Bc3 Bxc3+ 11. Nxc3 Qh4+ 12. Kd2 Qxf4+ 13. Ke1 Qxe5+ 14. Qe2 Qa5 15. Rg1 O-O-O 16. g3 Nf6 17. Bg2 Bxg2 18. Qxg2 Rhe8 19. Qa8# 1-0

[Event "70.Camp. Veneto Quarti di Finale"]
[Site "Nevegal ITA"]
[Date "2010.05.09"]
[Round "5.1"]
[White "Genocchio, Daniele"]
[Black "Pastres, Roberto"]
[Result "1-0"]
[WhiteElo "2438"]
[BlackElo "2128"]
[Annotator "Gabriele Ballarin"]
[PlyCount "73"]
[EventDate "2010.05.07"]
[EventType "swiss"]
[EventRounds "5"]
[EventCountry "ITA"]

1. e4 c5 2. Nf3 Nc6 3. Nc3 e6 4. d4 cxd4 5. Nxd4 d6 6. Be3 a6 7. Be2 Nge7 8. Nb3 b5 9. f4 f5 10. exf5 Nxf5 11. Bf2 Be7 12. O-O O-O 13. a4 b4 14. Nd5 Bh4 15. g3 Bb7 16. Bb6 Qe8 17. Nc7 Qg6 18. Bh5 Qh6 19. Nxa8 Bxg3 20. Qg4 Bxa8 21. hxg3 g6 22. Rae1 e5 23. fxe5 Nxe5 24. Rxe5 dxe5 25. Qc4+ Kh8 26. Qc5 gxh5 27. Qxe5+ Kg8 28. Rxf5 Qxb6+ 29. Nc5 Rxf5 30. Qxf5 Qc6 31. Qe6+ Qxe6 32. Nxe6 Bc6 33. a5 Kh8 34. Kf2 Be4 35. Nc5 Bxc2 36. Nxa6 b3 37. Nc5 1-0

[Event "70.Camp. Veneto Quarti di Finale"]
[Site "Nevegal ITA"]
[Date "2010.05.09"]
[Round "5.2"]
[White "Vianello, Enrico"]
[Black "Xia, Jie"]
[Result "0-1"]
[WhiteElo "2188"]
[BlackElo "2198"]
[Annotator "Gabriele Ballarin"]
[PlyCount "98"]
[EventDate "2010.05.07"]
[EventType "swiss"]
[EventRounds "5"]
[EventCountry "ITA"]

1. Nf3 Nf6 2. d4 g6 3. Bf4 Bg7 4. e3 O-O 5. Be2 d6 6. h3 Nc6 7. c3 Nd7 8. Bh2 e5 9. O-O h6 10. Na3 f5 11. dxe5 Ndxe5 12. b4 Nxf3+ 13. Bxf3 Kh7 14. Rc1 Ne5 15. Be2 Be6 16. c4 a6 17. Nb1 b5 18. Nd2 Qb8 19. Bxe5 dxe5 20. Nb3 Qe8 21. Qc2 Qe7 22. a3 f4 23. Bf3 Rae8 24. Bd5 f3 25. Bxe6 fxg2 26. Kxg2 Qxe6 27. Nc5 Qc8 28. Qe4 Rf5 29. Rh1 Ref8 30. Rc2 Rg5+ 31. Kf1 Rg3 32. cxb5 axb5 33. Nd3 Qd7 34. Ke1 Rg5 35. h4 Rg4 36. Nxe5 Bxe5 37. Qxe5 Rf7 38. h5 gxh5 39. Qxh5 Rg6 40. Rd2 Qc6 41. Qd5 Qf6 42. Rf1 c6 43. Qd4 Qf3 44. Qd3 Kg7 45. Qd4+ Kh7 46. Qd8 Qf5 47. Qd3 Qf3 48. Rg1 Rfg7 49. Rc2 Qd5 0-1

[Event "70.Camp. Veneto Quarti di Finale"]
[Site "Nevegal ITA"]
[Date "2010.05.09"]
[Round "5.3"]
[White "Franco, Alessandro P"]
[Black "Bontempi, Piero"]
[Result "0-1"]
[WhiteElo "1843"]
[BlackElo "2356"]
[Annotator "Gabriele Ballarin"]
[PlyCount "38"]
[EventDate "2010.05.07"]
[EventType "swiss"]
[EventRounds "5"]
[EventCountry "ITA"]

1. e4 c5 2. Nf3 Nc6 3. d4 cxd4 4. Nxd4 g6 5. Be3 Nf6 6. f3 Bg7 7. Qd2 d5 8. Bb5 Bd7 9. Bxc6 Bxc6 10. e5 Nd7 11. e6 Nb6 12. exf7+ Kxf7 13. Bg5 Qd6 14. c3 Nc4 15. Qe2 Nxb2 16. Nd2 Na4 17. Rc1 Nxc3 18. Rxc3 Bxd4 19. Rd3 Bb5 0-1

[Event "70.Camp. Veneto Quarti di Finale"]
[Site "Nevegal ITA"]
[Date "2010.05.09"]
[Round "5.4"]
[White "Boscolo, Federico"]
[Black "Rotoni, Matteo"]
[Result "0-1"]
[WhiteElo "2113"]
[BlackElo "2142"]
[Annotator "Gabriele Ballarin"]
[PlyCount "114"]
[EventDate "2010.05.07"]
[EventType "swiss"]
[EventRounds "5"]
[EventCountry "ITA"]

1. e4 e6 2. d4 d5 3. Nd2 Be7 4. Ngf3 Nf6 5. Bd3 c5 6. e5 Nfd7 7. c3 b6 8. Qe2 a5 9. b3 Ba6 10. c4 Qc8 11. Ba3 Nc6 12. Rc1 Nb4 13. Bxb4 axb4 14. O-O Qb7 15. Ne1 cxd4 16. f4 g6 17. Ndf3 Nc5 18. Nxd4 Nxd3 19. Nxd3 dxc4 20. bxc4 Qd7 21. Nf3 Rc8 22. Nf2 Qc6 23. Nd4 Qc5 24. Qb2 O-O 25. Ne4 Qa5 26. Nb5 Bxb5 27. cxb5 Qxb5 28. Nd6 Bxd6 29. exd6 Rc5 30. Rcd1 Rc3 31. Rd4 Rd8 32. Rfd1 Rc4 33. Rxc4 Qxc4 34. d7 Qxf4 35. Qd4 Qxd4+ 36. Rxd4 Kf8 37. Kf1 Ke7 38. Rxb4 Rxd7 39. Rxb6 Ra7 40. Rb2 e5 41. Kf2 f5 42. g3 h6 43. Kf3 Ra3+ 44. Kf2 Ra6 45. Kf3 Kf6 46. Kf2 g5 47. h3 f4 48. h4 Kf5 49. hxg5 hxg5 50. gxf4 gxf4 51. Rc2 e4 52. Ke2 f3+ 53. Kf2 Kf4 54. Rb2 e3+ 55. Kf1 Rh6 56. Kg1 f2+ 57. Kf1 Rg6 0-1